| Поле | Инд. | ПП | Название | Значение |
|---|---|---|---|---|
| Тип записи | a | |||
| Библиографический уровень | m | |||
| 001 | Контрольный номер | 3294470a-6978-46f5-9d99-7603201e64cb | ||
| 005 | Дата корректировки | 20140703121951.5 | ||
| 008 | Кодируемые данные | 030617 | ||
| 020 | a | ISBN | 5-94378-020-3 | |
| c | Цена, тираж | 72.00 | ||
| 040 | a | Служба первич. каталог. | НБ ТвГУ | |
| 041 | a | Код языка текста | rus | |
| 080 | a | Индекс УДК | 338.2(470) | |
| 084 | a | Индекс другой классификации/Индекс ББК | У9(2РОС)0-18 | |
| 090 | x | Авторский знак | Ф33 | |
| a | Полочн. индекс | У9(2РОС) | ||
| 100 | 1_ | a | Автор | Федоров Николай Васильевич |
| 245 | 00 | a | Заглавие | Российская экономика: пути ее трансформации |
| c | Ответственность | Н. В. Федоров | ||
| 260 | 0_ | a | Место издания | Москва |
| b | Издательство | Вуз и школа | ||
| c | Дата издания | 2002 | ||
| 300 | a | Объем | 412 с. | |
| b | Иллюстрации/ тип воспроизводства | табл. | ||
| 504 | a | Библиография | Библиогр.: с.411. | |
| 583 | a | Действие | Получение впервые 135 17.06.2003 | |
| k | Исполнитель действия | Обмен | ||
| 650 | a | Основная рубрика | Экономика | |
| x | Основная подрубрика | Государственное регулирование | ||
| x | Основная подрубрика | Прогнозирование | ||
| x | Основная подрубрика | Управление | ||
| x | Основная подрубрика | Социальное обеспечение | ||
| x | Основная подрубрика | Инвестиционная политика | ||
| x | Основная подрубрика | Финансы | ||
| z | Географическая подрубрика | Российская Федерация | ||
| 653 | a | Ключевые слова | Экономика России | |
| a | Ключевые слова | Государственное регулирование экономики | ||
| a | Ключевые слова | Управление экономикой | ||
| a | Ключевые слова | Финансы | ||
| a | Ключевые слова | Финансовая система | ||
| a | Ключевые слова | Кредитно-денежные отношения | ||
| a | Ключевые слова | Инвестиционная политика | ||
| a | Ключевые слова | Инвестиции | ||
| a | Ключевые слова | Прогнозирование экономического развития | ||
| a | Ключевые слова | Рынок труда | ||
| a | Ключевые слова | Занятость | ||
| a | Ключевые слова | Социальная защита | ||
| a | Ключевые слова | Социальное обеспечение | ||
| a | Ключевые слова | Внешнеэкономические связи | ||
| 852 | t | Порядковый номер экземпляра | 1 | |
| p | Инвентарный номер | 766562 | ||
| 888 | a | Бесплатные | ||
| 952 | p | 135.2003 72.00 1 766562 | ||
| c | Вид литературы | К рн | ||
| 954 | a | Дата поступления на обработку | 20030625 | |
| 999 | a | Подразделение 2 | Фил1 |